000 00324nam a2200133Ia 4500
008 231129s1981||||xx |||||||||||||| ||spa||
040 _bspa
082 _a823 W519u
100 _aWest Morris
245 0 _aLos bufones de Dios
260 _c1981
264 _aBogotá Colombia : Cí­rculo de Lectores
942 _2ddc
_cBKS
999 _c19514
_d19514